Sports Quiz

Random Sports or City Quiz

Ncaa hockey final locations Quiz Stats

 Plays Quiz not verified by Sporcle

Score 0/65 Timer 07:00
0 Plays Today
year city % Correct
1960Boston
95.4%
1972Boston
95.4%
1973Boston
95.4%
1974Boston
95.4%
1998Boston
95.4%
2004Boston
95.4%
1961Denver
94.1%
1964Denver
94.1%
1976Denver
94.1%
2008Denver
94.1%
1977Detroit
92.7%
1979Detroit
92.7%
1985Detroit
92.7%
1987Detroit
92.7%
1990Detroit
92.7%
2010Detroit
92.7%
1989St. Paul
91.8%
1991St. Paul
91.8%
1994St. Paul
91.8%
2002St. Paul
91.8%
2011St. Paul
91.8%
1975St. Louis
88.1%
2007St. Louis
88.1%
1958Minneapolis
86.8%
1966Minneapolis
86.8%
1965Providence
85.8%
1978Providence
85.8%
1980Providence
85.8%
1982 Providence
85.8%
1986Providence
85.8%
1995Providence
85.8%
2000Providence
85.8%
2012Tampa
84.5%
year city % Correct
1993Milwaukee
84%
1997Milwaukee
84%
2006Milwaukee
84%
1948Colorado Springs
83.6%
1949Colorado Springs
83.6%
1950Colorado Springs
83.6%
1951Colorado Springs
83.6%
1952Colorado Springs
83.6%
1953Colorado Springs
83.6%
1954Colorado Springs
83.6%
1955Colorado Springs
83.6%
1956Colorado Springs
83.6%
1957Colorado Springs
83.6%
1969Colorado Springs
83.6%
2005 Columbus
83.6%
1992Albany
80.4%
2001Albany
80.4%
2003Buffalo
79.9%
1996Cincinnati
73.5%
1967Syracuse
71.7%
1971Syracuse
71.7%
2009Washington D.C.
69.9%
1968Duluth
67.6%
1981Duluth
67.6%
1999Anaheim
62.6%
1983 Grand Forks
48.9%
1970Lake Placid
46.1%
1984Lake Placid
46.1%
1988Lake Placid
46.1%
1959Troy
29.2%
1962Utica
24.2%
1963Chestnut Hill
23.7%

You're not logged in!

Compare scores with friends on all Sporcle quizzes.
OR
Log In

You Might Also Like...

Show Comments

Extras

Top Quizzes Today


Score Distribution

Your Account Isn't Verified!

In order to create a playlist on Sporcle, you need to verify the email address you used during registration. Go to your Sporcle Settings to finish the process.

Report this User

Report this user for behavior that violates our Community Guidelines.

Details: